Metody instrumentální analýzy při pruzkumu památek

Guardado en:
Detalles Bibliográficos
Autores principales: Novotná, Miroslava (Autor), Karhan, Jiří (Autor), Pechová, Dorothea (Autor)
Formato: Libro
Lenguaje:checo
Publicado: Praha : Společnost pro technologie ochrany památek, 2001
Etiquetas: Agregar Etiqueta
Sin Etiquetas, Sea el primero en etiquetar este registro!

MARC

LEADER 00000nam a22000003a 4500
001 stu82543
005 20150617225638.7
008 031120s2001----xr------------------cze-d
020 |a 80-902668-7-8 
040 |a STU  |b slo 
041 0 |a cze 
044 |a xr 
080 |a 7.02+543.2 
100 1 |a Novotná, Miroslava  |4 aut 
245 1 |a Metody instrumentální analýzy při pruzkumu památek 
260 |a Praha :  |b Společnost pro technologie ochrany památek,  |c 2001 
300 |a 107 s. Obr.,tab.,grafy,lit 
700 1 |a Karhan, Jiří  |4 aut 
700 1 |a Pechová, Dorothea  |4 aut 
996 |b C97185  |c C*97185  |l CCVIIIB  |s P  |a 0  |w stu82543_0001